[Event "NAYCC U16-U18 w"]
[Site "Windsor CAN"]
[Date "2016.08.11"]
[Round "9.19"]
[White "Samadashvili, Martha"]
[Black "Vittal, Sanjana"]
[Result "1/2-1/2"]
[WhiteElo "1791"]
[BlackElo "1643"]
[PlyCount "72"]
[EventDate "2016.08.07"]
[EventType "swiss"]
[EventRounds "9"]
[EventCountry "CAN"]

1. e4 e5 2. Nf3 Nc6 3. Bb5 a6 4. Ba4 d6 5. c3 g6 6. O-O Bg7 7. d4 Bd7 8. d5
Nce7 9. Bxd7+ Qxd7 10. c4 Nf6 11. Nc3 O-O 12. Qe2 h6 13. Ne1 g5 14. f3 Nh5 15.
g3 Qh3 16. Nd3 Nf6 17. Be3 Qd7 18. b4 Ne8 19. Rac1 f5 20. exf5 Nxf5 21. Ne4 Nf6
22. Nxf6+ Bxf6 23. Nf2 Nxe3 24. Qxe3 c6 25. Rfd1 a5 26. a3 axb4 27. axb4 Qc7
28. Qe4 c5 29. Qg6+ Qg7 30. Qxg7+ Bxg7 31. bxc5 dxc5 32. Ne4 Rxf3 33. Nxc5 b6
34. Ne6 Bf8 35. Re1 Bd6 36. Rb1 Ra2 1/2-1/2

[Event "NAYCC U16-U18 w"]
[Site "Windsor CAN"]
[Date "2016.08.11"]
[Round "9.20"]
[White "Trakru, Priya"]
[Black "Davis, Katherine"]
[Result "1/2-1/2"]
[WhiteElo "1816"]
[BlackElo "1780"]
[PlyCount "97"]
[EventDate "2016.08.07"]
[EventType "swiss"]
[EventRounds "9"]
[EventCountry "CAN"]

1. e4 c5 2. Nf3 e6 3. c3 Nf6 4. e5 Nd5 5. d4 cxd4 6. cxd4 d6 7. Bd3 Nc6 8. O-O
Ndb4 9. Be4 d5 10. Bd3 Nxd3 11. Qxd3 Be7 12. a3 a5 13. b3 O-O 14. Nc3 b6 15.
Qe3 Ba6 16. Re1 Qd7 17. Bb2 Rfc8 18. Qf4 Bd3 19. Re3 Bg6 20. Ne2 Na7 21. Ne1
Qd8 22. Rg3 Bh4 23. Rg4 Be7 24. Rg3 Kh8 25. Qd2 Bh4 26. Re3 Kg8 27. g3 Be7 28.
f4 Bf5 29. Kg2 Rc7 30. Nc1 Rac8 31. Ncd3 Nb5 32. Nf2 Bg6 33. a4 Na7 34. Bc3 Nc6
35. Ned3 h6 36. Ra2 Qf8 37. Rb2 Nb8 38. Ne1 Na6 39. Ra2 Bb4 40. Bxb4 Nxb4 41.
Rb2 Qd8 42. g4 Rc6 43. Rf3 Qd7 44. h4 h5 45. gxh5 Bxh5 46. Rg3 Bg6 47. Qe2 Rc3
48. Rg5 Bf5 49. Ng4 1/2-1/2

[Event "NAYCC U16-U18 w"]
[Site "Windsor CAN"]
[Date "2016.08.11"]
[Round "9.21"]
[White "Laurrabaquio Ramirez, Itzel At"]
[Black "Ding, Kimberly"]
[Result "0-1"]
[WhiteElo "1470"]
[BlackElo "1966"]
[PlyCount "90"]
[EventDate "2016.08.07"]
[EventType "swiss"]
[EventRounds "9"]
[EventCountry "CAN"]

1. c4 Nf6 2. b3 g6 3. Bb2 Bg7 4. e3 d6 5. f4 e5 6. fxe5 Ng4 7. Be2 h5 8. Nf3
Nxe5 9. Qc1 Bg4 10. O-O Nbc6 11. h3 Bxf3 12. Bxf3 Qg5 13. Be2 Nb4 14. Nc3 Nbd3
15. Bxd3 Nxd3 16. Qc2 Nxb2 17. Qxb2 O-O 18. Qc2 Be5 19. Rf3 f5 20. Rd1 Rae8 21.
Qd3 Kg7 22. Ne2 Qh6 23. Qb1 c6 24. Rdf1 Bf6 25. Qc1 Re5 26. Qa3 d5 27. Qxa7 Rf7
28. Qa4 dxc4 29. Qxc4 Rd7 30. Rd1 Red5 31. Qc2 h4 32. Rf2 Re5 33. Qc4 Rxe3 34.
Nf4 Re4 35. Ne6+ Kh7 36. d4 Re7 37. Nc5 b5 38. Qb4 Re2 39. Rxe2 Rxe2 40. Nd7
Qe3+ 41. Kh1 Be7 42. Qa5 Rxg2 43. Kxg2 Qe2+ 44. Kg1 Qxd1+ 45. Kf2 Qxd4+ 0-1

[Event "NAYCC U16-U18 w"]
[Site "Windsor CAN"]
[Date "2016.08.11"]
[Round "9.22"]
[White "Liu, Joanna"]
[Black "Gillan, Rahma"]
[Result "1-0"]
[WhiteElo "1956"]
[BlackElo "1416"]
[PlyCount "75"]
[EventDate "2016.08.07"]
[EventType "swiss"]
[EventRounds "9"]
[EventCountry "CAN"]

1. d4 d5 2. c4 e6 3. Nc3 Nf6 4. cxd5 exd5 5. Bg5 Be7 6. e3 c6 7. Bd3 Be6 8. Qc2
Nbd7 9. Nf3 h6 10. Bh4 O-O 11. O-O Rc8 12. a3 c5 13. dxc5 Nxc5 14. Qd1 Qb6 15.
Rb1 Rfd8 16. Nd4 a6 17. Nce2 Qd6 18. Bg3 Qd7 19. h3 Bd6 20. Bxd6 Qxd6 21. Bc2
Rc7 22. Rc1 Rdc8 23. Bb1 Nce4 24. Rxc7 Rxc7 25. Nf4 Qb6 26. Nd3 Nd6 27. Qe2 Nc4
28. Rc1 Ne4 29. Nf4 Ned2 30. Qd3 Qxb2 31. Qh7+ Kf8 32. Re1 Ke8 33. Nfxe6 fxe6
34. Qg8+ Ke7 35. Qxe6+ Kf8 36. Bg6 Re7 37. Qc8+ Re8 38. Qxe8# 1-0

[Event "NAYCC U16-U18 w"]
[Site "Windsor CAN"]
[Date "2016.08.11"]
[Round "9.23"]
[White "Wang, Constance"]
[Black "Cui, Cynthia"]
[Result "1/2-1/2"]
[WhiteElo "1886"]
[BlackElo "1508"]
[PlyCount "89"]
[EventDate "2016.08.07"]
[EventType "swiss"]
[EventRounds "9"]
[EventCountry "CAN"]

1. e4 d5 2. exd5 Qxd5 3. Nc3 Qd6 4. Nf3 Nf6 5. d4 Bg4 6. Be2 c6 7. O-O Nbd7 8.
Be3 e6 9. h3 Bh5 10. Qd2 Qc7 11. Bf4 Bd6 12. Bxd6 Qxd6 13. Rad1 O-O 14. Ng5
Bxe2 15. Qxe2 Qc7 16. Nge4 Rfe8 17. Rfe1 h6 18. Qf3 Rad8 19. Nxf6+ Nxf6 20. Ne4
Nxe4 21. Qxe4 Qa5 22. a3 Qd5 23. Qg4 Qc4 24. c3 Rd5 25. Re3 Rg5 26. Qf3 Qd5 27.
Rde1 Qxf3 28. Rxf3 Rb5 29. Re2 Rb3 30. Rfe3 Kf8 31. g3 Rd8 32. Kg2 Rd5 33. c4
Rxe3 34. fxe3 Rd6 35. b4 e5 36. Rd2 exd4 37. exd4 Ke7 38. Kf3 Ke6 39. Ke4 f5+
40. Kf3 b6 41. h4 g5 42. hxg5 hxg5 43. Re2+ Kf6 44. Rd2 Ke6 45. Re2+ 1/2-1/2

[Event "NAYCC U16-U18 w"]
[Site "Windsor CAN"]
[Date "2016.08.11"]
[Round "9.24"]
[White "Dasari, Samhitha"]
[Black "Matus, Nastassja"]
[Result "0-1"]
[WhiteElo "1714"]
[BlackElo "1806"]
[PlyCount "84"]
[EventDate "2016.08.07"]
[EventType "swiss"]
[EventRounds "9"]
[EventCountry "CAN"]

1. e4 e6 2. d4 d5 3. e5 c5 4. c3 Qb6 5. Nf3 Nc6 6. Be2 cxd4 7. cxd4 Nge7 8. Na3
Nf5 9. Nc2 Nb4 10. Ne3 Be7 11. O-O O-O 12. Nxf5 exf5 13. Be3 Be6 14. a3 Nc6 15.
Qd2 Na5 16. Rad1 Nb3 17. Qd3 Rac8 18. Bg5 Bxg5 19. Nxg5 h6 20. Nf3 Rc6 21. Nd2
Nxd4 22. Kh1 Nxe2 23. Qxe2 Rc2 24. b4 Rfc8 25. f4 R8c3 26. Rf3 Qc6 27. h3 Rxf3
28. Qxf3 Rc3 29. Qe2 Rxa3 30. Nf3 Qa4 31. Rb1 a6 32. Qf2 Qc6 33. Qb2 Qc3 34.
Qxc3 Rxc3 35. b5 a5 36. Ra1 b6 37. Ra4 Rc4 38. Rxc4 dxc4 39. Nd4 c3 40. Kg1 a4
41. Nc2 Bb3 42. Na1 c2 0-1

[Event "NAYCC U16-U18 w"]
[Site "Windsor CAN"]
[Date "2016.08.11"]
[Round "9.25"]
[White "Baker, Victoria"]
[Black "Luo, Maggie"]
[Result "0-1"]
[WhiteElo "1516"]
[BlackElo "1672"]
[PlyCount "98"]
[EventDate "2016.08.07"]
[EventType "swiss"]
[EventRounds "9"]
[EventCountry "CAN"]

1. e4 e5 2. Nf3 Nc6 3. Bc4 Bc5 4. c3 Bb6 5. d4 Qe7 6. Be3 Nf6 7. Nbd2 exd4 8.
cxd4 Nxe4 9. Nxe4 Qxe4 10. Qd3 Qxd3 11. Bxd3 d5 12. h3 Nb4 13. Bb1 O-O 14. O-O
Be6 15. a3 Nc6 16. Bd3 f5 17. Rfe1 Rae8 18. Bb5 Bd7 19. Rad1 a6 20. Bxc6 Bxc6
21. Ne5 Ba4 22. Rd2 f4 23. Bxf4 Rxf4 24. Nf3 Rxe1+ 25. Nxe1 Rxd4 26. Rxd4 Bxd4
27. b4 c5 28. Nd3 c4 29. Ne1 Bb2 30. Kf1 c3 31. Ke2 c2 32. Nd3 c1=Q 33. Nxc1
Bxc1 34. Kd3 Bxa3 35. Kc3 d4+ 36. Kxd4 Bxb4 37. Kc4 a5 38. Kd4 b5 39. Kd3 Bb3
40. f4 a4 41. g4 a3 42. f5 a2 43. f6 gxf6 44. g5 a1=Q 45. gxf6 Qxf6 46. h4 Qf5+
47. Ke3 Bc5+ 48. Ke2 Qf2+ 49. Kd3 Qe3# 0-1

[Event "NAYCC U18"]
[Site "Windsor CAN"]
[Date "2016.08.07"]
[Round "1.1"]
[White "Sheng, Joshua"]
[Black "Song, Terry"]
[Result "0-1"]
[WhiteElo "2394"]
[BlackElo "2208"]
[PlyCount "76"]
[EventDate "2016.08.07"]
[EventType "swiss"]
[EventRounds "9"]
[EventCountry "CAN"]

1. e4 c5 2. Nf3 d6 3. d4 cxd4 4. Nxd4 Nf6 5. Nc3 a6 6. Bg5 e6 7. f4 Be7 8. Qf3
h6 9. Bh4 Nbd7 10. O-O-O Qc7 11. Be2 g5 12. fxg5 Ne5 13. Qe3 Nfg4 14. Qd2 Rg8
15. h3 hxg5 16. Bg3 Nf6 17. Nf3 Nfd7 18. Rhf1 b5 19. Nxe5 dxe5 20. Nd5 exd5 21.
Qxd5 Bf6 22. Bxb5 axb5 23. Qxa8 Be7 24. Kb1 Qb7 25. Qa5 Qa6 26. Qd2 Qc6 27. Rf3
b4 28. Rd3 f6 29. Bf2 Nf8 30. Re3 Be6 31. b3 Kf7 32. Ree1 Nd7 33. Rc1 Rc8 34.
Qe2 Ra8 35. Red1 Kg7 36. Be1 Nc5 37. c3 Nxb3 38. axb3 Bxb3 0-1

[Event "NAYCC U18"]
[Site "Windsor CAN"]
[Date "2016.08.07"]
[Round "1.3"]
[White "Wu, Christopher"]
[Black "Wang, Justin"]
[Result "0-1"]
[WhiteElo "2338"]
[BlackElo "2177"]
[PlyCount "100"]
[EventDate "2016.08.07"]
[EventType "swiss"]
[EventRounds "9"]
[EventCountry "CAN"]

1. e4 e5 2. Nf3 Nc6 3. Bb5 f5 4. d3 fxe4 5. dxe4 Nf6 6. O-O Bc5 7. Qd3 Nd4 8.
Nxe5 Qe7 9. Nf3 Nxb5 10. Qxb5 Nxe4 11. Nbd2 c6 12. Qb3 Nxf2 13. Nc4 d5 14. Ne3
Ng4 15. Kh1 O-O 16. Nxg4 Bxg4 17. Bg5 Qf7 18. Rae1 Rae8 19. Be3 Bd6 20. Bxa7
Bxf3 21. Qxf3 Qxf3 22. gxf3 Rxe1 23. Rxe1 Rxf3 24. Re6 Bf8 25. Kg2 Rf7 26. Re2
Re7 27. Rf2 Re4 28. b3 Bd6 29. a4 h5 30. h3 Kh7 31. Rf7 Re7 32. Rf2 Kg6 33. Bb6
Re5 34. Bd8 Bc5 35. Rd2 Re4 36. Kf3 Kf5 37. h4 Re3+ 38. Kg2 Kg4 39. c4 Rg3+ 40.
Kh2 Bg1+ 41. Kh1 Be3 42. Rd1 d4 43. Bb6 Kf3 44. Kh2 Rg4 45. Kh3 Ke2 46. Rh1 Bf2
47. Ra1 Rxh4+ 48. Kg2 Rg4+ 49. Kh3 Kf3 50. Bd8 g5 0-1

[Event "NAYCC U18"]
[Site "Windsor CAN"]
[Date "2016.08.07"]
[Round "1.5"]
[White "Li, Ethan"]
[Black "Guo, Arthur"]
[Result "0-1"]
[WhiteElo "2321"]
[BlackElo "2155"]
[PlyCount "116"]
[EventDate "2016.08.07"]
[EventType "swiss"]
[EventRounds "9"]
[EventCountry "CAN"]

1. d4 Nf6 2. c4 e6 3. Nf3 Bb4+ 4. Bd2 Qe7 5. g3 O-O 6. Bg2 Bxd2+ 7. Qxd2 Ne4 8.
Qc2 f5 9. O-O d6 10. Nc3 Nxc3 11. Qxc3 Nd7 12. b4 Nf6 13. Rfd1 Bd7 14. b5 Ne4
15. Qb2 Rae8 16. a4 Qf6 17. Nd2 Nxd2 18. Qxd2 b6 19. c5 d5 20. Rac1 Rc8 21. Rc3
c6 22. cxb6 axb6 23. bxc6 Bxc6 24. Rb1 Bxa4 25. Rxb6 Qf7 26. Rc5 Rb8 27. Qb4
Qa7 28. Rxb8 Rxb8 29. Qc3 Qb6 30. h4 Bb5 31. Qb4 Ba6 32. Qd2 Bc4 33. Kh2 Qd6
34. Qe3 Rf8 35. f4 Rb8 36. Bf3 Rb3 37. Rc8+ Kf7 38. Qe5 Qxe5 39. fxe5 Rb2 40.
Rc7+ Kf8 41. Rc8+ Kf7 42. Rc7+ Kg6 43. h5+ Kh6 44. Kg2 Bxe2 45. Bxe2 Rxe2+ 46.
Kf3 Re4 47. Re7 Rxd4 48. Rxe6+ Kxh5 49. Rd6 Kg5 50. Rd7 Kg6 51. Rd8 Kg5 52. Rd7
Kh6 53. e6 Re4 54. e7 g6 55. Kf2 Kg5 56. Kf3 h5 57. Kf2 d4 58. Kf3 d3 0-1

[Event "NAYCC U18"]
[Site "Windsor CAN"]
[Date "2016.08.07"]
[Round "1.6"]
[White "Nguyen, Trung"]
[Black "Li, Ben"]
[Result "1/2-1/2"]
[WhiteElo "2153"]
[BlackElo "2319"]
[PlyCount "74"]
[EventDate "2016.08.07"]
[EventType "swiss"]
[EventRounds "9"]
[EventCountry "CAN"]

1. d4 d5 2. c4 e6 3. Nf3 Nf6 4. g3 Be7 5. Bg2 O-O 6. O-O b6 7. Nc3 Bb7 8. Ne5
Nbd7 9. Qa4 c6 10. Nxc6 Bxc6 11. Qxc6 Rc8 12. Qa4 Rxc4 13. Qxa7 Qc8 14. Bd2
Rxd4 15. Bf4 Rc4 16. Rac1 Qc6 17. e4 dxe4 18. Nxe4 Nxe4 19. Rxc4 Qxc4 20. Qxd7
Bc5 21. Bxe4 Qxe4 22. Qd2 Qa8 23. a3 h5 24. Be3 Rd8 25. Qe2 Bxe3 26. Qxe3 Qb7
27. Qe2 h4 28. Rd1 Rc8 29. Qg4 hxg3 30. hxg3 Qc6 31. Qd4 b5 32. Rd3 Qc1+ 33.
Kg2 Qg5 34. Rc3 Rd8 35. Qe3 Qd5+ 36. Qf3 Qe5 37. Qe3 Qd5+ 1/2-1/2

[Event "NAYCC U18"]
[Site "Windsor CAN"]
[Date "2016.08.07"]
[Round "1.7"]
[White "Grabinsky, Aaron"]
[Black "Li, Yinshi"]
[Result "1-0"]
[WhiteElo "2312"]
[BlackElo "2138"]
[PlyCount "79"]
[EventDate "2016.08.07"]
[EventType "swiss"]
[EventRounds "9"]
[EventCountry "CAN"]

1. e4 e6 2. d4 d5 3. Nd2 Nf6 4. Bd3 c5 5. exd5 Qxd5 6. Ngf3 cxd4 7. Bc4 Qc5 8.
Qe2 Nc6 9. Nb3 Qb6 10. O-O Be7 11. Rd1 O-O 12. Nbxd4 Nxd4 13. Nxd4 Bd7 14. c3
Qc7 15. Bg5 a6 16. Bh4 b5 17. Bb3 Qb7 18. Nf5 Bd8 19. Nd6 Qc6 20. a4 Nd5 21.
Bg3 Bc7 22. Nf5 Rae8 23. Bxd5 exd5 24. Ne7+ Kh8 25. Nxc6 Rxe2 26. Nd4 Rxb2 27.
Bxc7 Rc8 28. Ba5 bxa4 29. Rab1 Rcb8 30. Ra1 h6 31. h3 Kg8 32. Bb4 g5 33. Re1
Bb5 34. Re7 Kg7 35. Nxb5 axb5 36. Rd7 Re8 37. Rxd5 Ree2 38. Rf1 Rb3 39. Rxb5 a3
40. Bf8+ 1-0

[Event "NAYCC U18"]
[Site "Windsor CAN"]
[Date "2016.08.07"]
[Round "1.9"]
[White "Bian, Alex"]
[Black "Graif, William"]
[Result "0-1"]
[WhiteElo "2300"]
[BlackElo "2095"]
[PlyCount "96"]
[EventDate "2016.08.07"]
[EventType "swiss"]
[EventRounds "9"]
[EventCountry "CAN"]

1. e4 c5 2. Nf3 d6 3. d4 cxd4 4. Nxd4 Nf6 5. Nc3 g6 6. Be3 Bg7 7. f3 O-O 8. Qd2
Nc6 9. O-O-O d5 10. Kb1 Nxd4 11. e5 Nf5 12. exf6 Bxf6 13. Nxd5 Qxd5 14. Qxd5
Nxe3 15. Qd2 Nxd1 16. Qxd1 Be6 17. Bb5 Rac8 18. Qe2 a6 19. Bd3 Rc6 20. h4 Rd8
21. h5 Rb6 22. b3 a5 23. hxg6 hxg6 24. Rd1 a4 25. Be4 Ra8 26. Qe3 Rb5 27. g4
axb3 28. cxb3 Rc8 29. Rc1 Ra8 30. Qd3 Rba5 31. Bxb7 Rxa2 32. Rc8+ Bxc8 33. Bxa8
Rxa8 34. Qd5 Rb8 35. Qd8+ Kg7 36. Kc1 Rxb3 37. g5 Bxg5+ 38. f4 Bf6 39. Kd2 Bf5
40. Qc7 Rc3 41. Qa7 Rc4 42. Qb8 Bd4 43. Qd8 Rc2+ 44. Kd1 Bf6 45. Qb6 Rh2 46.
Qg1 Ra2 47. Qb6 Bd3 48. Qe3 Bc3 0-1

[Event "NAYCC U18"]
[Site "Windsor CAN"]
[Date "2016.08.07"]
[Round "1.10"]
[White "Wang, Jalen"]
[Black "Song, Edward"]
[Result "1/2-1/2"]
[WhiteElo "2095"]
[BlackElo "2300"]
[PlyCount "98"]
[EventDate "2016.08.07"]
[EventType "swiss"]
[EventRounds "9"]
[EventCountry "CAN"]

1. e4 c5 2. Nf3 d6 3. d4 cxd4 4. Nxd4 Nf6 5. Nc3 a6 6. g3 e5 7. Nde2 Be7 8. Bg2
O-O 9. O-O Be6 10. h3 Nbd7 11. g4 Nb6 12. Nd5 Nfxd5 13. exd5 Bd7 14. Ng3 Bg5
15. b3 Bxc1 16. Rxc1 f5 17. gxf5 Bxf5 18. f4 Qh4 19. Nxf5 Rxf5 20. fxe5 Rxe5
21. Qf3 Qe7 22. c4 Nd7 23. Rc2 Rf8 24. Qd3 Rxf1+ 25. Bxf1 a5 26. Re2 b6 27. Qf3
Rxe2 28. Bxe2 Qg5+ 29. Kf2 Qh4+ 30. Ke3 Nc5 31. Qg4 Qxg4 32. Bxg4 Kf7 33. Bf5
h6 34. Kf4 Kf6 35. h4 g5+ 36. hxg5+ hxg5+ 37. Kg4 Na6 38. Bh7 Nc5 39. Bf5 a4
40. b4 Na6 41. a3 Nc7 42. Bd7 Ke5 43. Bxa4 Kd4 44. Bb3 Kc3 45. c5 Kxb3 46. cxb6
Nxd5 47. b7 Nf6+ 48. Kxg5 Nd7 49. Kf5 Kxa3 1/2-1/2

[Event "NAYCC U18"]
[Site "Windsor CAN"]
[Date "2016.08.07"]
[Round "1.11"]
[White "Niemann, Hans"]
[Black "Karamsetty, Jeevan"]
[Result "1-0"]
[WhiteElo "2298"]
[BlackElo "2091"]
[PlyCount "69"]
[EventDate "2016.08.07"]
[EventType "swiss"]
[EventRounds "9"]
[EventCountry "CAN"]

1. d4 d5 2. c4 c6 3. cxd5 cxd5 4. Nc3 Nf6 5. Bf4 Nc6 6. e3 e6 7. Nf3 Bd6 8.
Bxd6 Qxd6 9. Be2 O-O 10. O-O Rd8 11. Rc1 Bd7 12. a3 a6 13. Na4 e5 14. dxe5 Nxe5
15. Nc5 Nxf3+ 16. Bxf3 Bc6 17. Qd4 Qe7 18. Nd3 Rd6 19. Rfd1 Rad8 20. Nb4 Nd7
21. g3 Ne5 22. Bg2 Ba4 23. Nxd5 Qe8 24. Rd2 Bc6 25. e4 f5 26. Rcd1 fxe4 27.
Qxe4 Re6 28. Ne7+ Qxe7 29. Rxd8+ Kf7 30. Qxh7 Nd7 31. Qh5+ Kf6 32. Qh4+ g5 33.
Qh6+ Kf5 34. Bh3+ g4 35. Qf4+ 1-0

[Event "NAYCC U18"]
[Site "Windsor CAN"]
[Date "2016.08.07"]
[Round "1.12"]
[White "Zheng, Andrew"]
[Black "Hong, Andrew"]
[Result "0-1"]
[WhiteElo "2083"]
[BlackElo "2297"]
[PlyCount "78"]
[EventDate "2016.08.07"]
[EventType "swiss"]
[EventRounds "9"]
[EventCountry "CAN"]

1. d4 d5 2. c4 e6 3. Nc3 c6 4. Nf3 Nf6 5. e3 Nbd7 6. Qc2 Bd6 7. Bd3 O-O 8. O-O
e5 9. cxd5 cxd5 10. e4 exd4 11. Nxd5 Nxd5 12. exd5 h6 13. Nxd4 Qh4 14. Nf3 Qh5
15. Rd1 Nf6 16. Qb3 Bg4 17. Be2 Bxh2+ 18. Nxh2 Bxe2 19. Rd4 b5 20. d6 Bc4 21.
Qg3 Rad8 22. Bd2 Rfe8 23. Bc3 Qg5 24. Qxg5 hxg5 25. Ba5 Rd7 26. b3 Bd5 27. Bc7
Bb7 28. Rc1 Rc8 29. Rcd1 Ne4 30. Ng4 Nc3 31. R1d2 Rcxc7 32. Ne5 Rd8 33. dxc7
Rxd4 34. Rc2 b4 35. Nc6 Rd7 36. Nxb4 Rxc7 37. a3 Nb5 38. Rxc7 Nxc7 39. Nd3 Kf8
0-1

[Event "NAYCC U18"]
[Site "Windsor CAN"]
[Date "2016.08.07"]
[Round "1.13"]
[White "Peng, David"]
[Black "Wahl, Jackson"]
[Result "1-0"]
[WhiteElo "2283"]
[BlackElo "1982"]
[PlyCount "79"]
[EventDate "2016.08.07"]
[EventType "swiss"]
[EventRounds "9"]
[EventCountry "CAN"]

1. e4 d5 2. exd5 Qxd5 3. Nc3 Qa5 4. d4 c6 5. g3 Bf5 6. Nf3 Nf6 7. Bg2 e6 8. O-O
Bd6 9. Bd2 Qc7 10. Nh4 Bg4 11. Ne2 Nbd7 12. c4 O-O 13. h3 Bh5 14. g4 Bg6 15.
Nxg6 hxg6 16. Rc1 Rfe8 17. f4 c5 18. b4 cxb4 19. g5 Nh5 20. c5 Be7 21. Bxb4
Rad8 22. Qa4 b6 23. cxb6 Qxb6 24. Bxe7 Rxe7 25. Qa3 Rde8 26. Rb1 Qd8 27. Qxa7
Ndf6 28. Qb6 Nd5 29. Qxd8 Rxd8 30. Rb2 Ne3 31. Ra1 Nf5 32. a4 Nxd4 33. Nxd4
Rxd4 34. Rb8+ Kh7 35. Rc1 Nf6 36. gxf6 gxf6 37. Ra1 Red7 38. Rbb1 Ra7 39. a5 e5
40. Rb7 1-0

[Event "NAYCC U18"]
[Site "Windsor CAN"]
[Date "2016.08.07"]
[Round "1.14"]
[White "Sowa, Aidan"]
[Black "Dorrance, Adam"]
[Result "0-1"]
[WhiteElo "1910"]
[BlackElo "2254"]
[PlyCount "36"]
[EventDate "2016.08.07"]
[EventType "swiss"]
[EventRounds "9"]
[EventCountry "CAN"]

1. b3 d5 2. Bb2 Nf6 3. e3 Bf5 4. Nf3 e6 5. c4 Be7 6. Be2 O-O 7. O-O c5 8. cxd5
Nxd5 9. d3 Bf6 10. Qd2 Nb4 11. Bxf6 Qxf6 12. Nc3 Rd8 13. e4 Bg4 14. Rfd1 Bxf3
15. gxf3 N8c6 16. Rac1 Nd4 17. f4 Nxe2+ 18. Qxe2 Qxf4 0-1

[Event "NAYCC U18"]
[Site "Windsor CAN"]
[Date "2016.08.07"]
[Round "1.15"]
[White "Zhu, Hong Rui"]
[Black "Dommalapati, Abhinay"]
[Result "1-0"]
[WhiteElo "2232"]
[BlackElo "1832"]
[PlyCount "63"]
[EventDate "2016.08.07"]
[EventType "swiss"]
[EventRounds "9"]
[EventCountry "CAN"]

1. e4 e6 2. d4 d5 3. Nd2 Nf6 4. e5 Nfd7 5. f4 c5 6. Ngf3 Nc6 7. Nb3 f6 8. exf6
Qxf6 9. Be3 Bd6 10. g3 b6 11. Bb5 Nxd4 12. Nbxd4 cxd4 13. Bxd4 Qe7 14. O-O O-O
15. Qe2 Nc5 16. b4 Ne4 17. c3 a5 18. a3 axb4 19. axb4 Rxa1 20. Rxa1 Qc7 21. Qe3
h6 22. Bd3 g5 23. fxg5 Bxg3 24. Bxe4 Bf4 25. Qe2 dxe4 26. Qxe4 Rf5 27. Ra8
Bxh2+ 28. Nxh2 Kf7 29. gxh6 Qg3+ 30. Kh1 Qh3 31. Rxc8 Qxh6 32. Rc7+ 1-0

[Event "NAYCC U18"]
[Site "Windsor CAN"]
[Date "2016.08.07"]
[Round "1.16"]
[White "Yaskolko, Alexander"]
[Black "Shi, Diwen"]
[Result "0-1"]
[WhiteElo "1735"]
[BlackElo "2209"]
[PlyCount "70"]
[EventDate "2016.08.07"]
[EventType "swiss"]
[EventRounds "9"]
[EventCountry "CAN"]

1. e4 c5 2. d4 cxd4 3. c3 d3 4. Bxd3 g6 5. Nf3 Bg7 6. O-O Nc6 7. Qe2 d6 8. h3
Nf6 9. Rd1 Qc7 10. Bf4 Nd7 11. Nbd2 O-O 12. Nf1 Nce5 13. Ng3 Rb8 14. Nd4 a6 15.
Bc2 b5 16. Bb3 Nc4 17. a4 e5 18. Ngf5 exf4 19. Ne7+ Kh8 20. Nd5 Qc5 21. axb5
axb5 22. Ba2 Re8 23. Qc2 Bb7 24. b4 Qc8 25. Nxb5 Bxd5 26. Rxd5 Rxb5 27. Rxb5
Na3 28. Qd3 Nxb5 29. Qxb5 Qxc3 30. Rb1 Rd8 31. Bxf7 f3 32. gxf3 Qxf3 33. Qd5
Rf8 34. Rb3 Qxf7 35. Qxf7 Rxf7 0-1

[Event "NAYCC U18"]
[Site "Windsor CAN"]
[Date "2016.08.08"]
[Round "2.3"]
[White "Song, Terry"]
[Black "Grabinsky, Aaron"]
[Result "1/2-1/2"]
[WhiteElo "2208"]
[BlackElo "2312"]
[PlyCount "71"]
[EventDate "2016.08.07"]
[EventType "swiss"]
[EventRounds "9"]
[EventCountry "CAN"]

1. e4 e6 2. d4 d5 3. Nc3 Bb4 4. e5 b6 5. Qg4 Bf8 6. Nf3 Ba6 7. Bxa6 Nxa6 8. O-O
Ne7 9. Ne2 Qd7 10. a4 Nf5 11. Ng3 Ne7 12. Nh5 O-O-O 13. a5 Kb7 14. Bg5 h6 15.
Bxe7 Qxe7 16. c4 Nb4 17. axb6 cxb6 18. Rfc1 Qd7 19. c5 Rc8 20. Nd2 g6 21. Nf6
Qb5 22. Qf3 bxc5 23. Nc4 cxd4 24. Ra5 Qb6 25. Raa1 Qd8 26. Qa3 a6 27. Na5+ Kb6
28. Nb3 Be7 29. Nxd4 Kb7 30. Qa5 Qb6 31. Nb3 Bxf6 32. exf6 Qb5 33. Qxb5+ axb5
34. Nc5+ Kb6 35. Nd7+ Kb7 36. Nc5+ 1/2-1/2

[Event "NAYCC U18"]
[Site "Windsor CAN"]
[Date "2016.08.08"]
[Round "2.4"]
[White "Wang, Justin"]
[Black "Niemann, Hans"]
[Result "1/2-1/2"]
[WhiteElo "2177"]
[BlackElo "2298"]
[PlyCount "71"]
[EventDate "2016.08.07"]
[EventType "swiss"]
[EventRounds "9"]
[EventCountry "CAN"]

1. e4 e6 2. d4 d5 3. Nd2 c5 4. exd5 Qxd5 5. Ngf3 cxd4 6. Bc4 Qd7 7. O-O Nc6 8.
Nb3 a6 9. Nbxd4 Nxd4 10. Nxd4 Qc7 11. Bb3 Bd6 12. h3 Ne7 13. Re1 O-O 14. Bg5 h6
15. Be3 Ng6 16. Qh5 Nf4 17. Qf3 Bd7 18. Rad1 Rad8 19. c3 Bc8 20. Ne2 Ng6 21.
Qh5 b5 22. Bc2 Nf4 23. Nxf4 Bxf4 24. Qf3 Bxe3 25. Qxe3 Bb7 26. Be4 Bxe4 27.
Qxe4 Qc5 28. a4 a5 29. axb5 Qxb5 30. Qc2 Qc5 31. Rxd8 Rxd8 32. Rd1 Rxd1+ 33.
Qxd1 Qb5 34. Qc2 Kf8 35. c4 Qc5 36. Qc3 1/2-1/2

[Event "NAYCC U18"]
[Site "Windsor CAN"]
[Date "2016.08.08"]
[Round "2.5"]
[White "Hong, Andrew"]
[Black "Proleiko, Julian"]
[Result "1/2-1/2"]
[WhiteElo "2297"]
[BlackElo "2114"]
[PlyCount "47"]
[EventDate "2016.08.07"]
[EventType "swiss"]
[EventRounds "9"]
[EventCountry "CAN"]

1. e4 e5 2. Nf3 Nc6 3. Bb5 a6 4. Ba4 Nf6 5. O-O b5 6. Bb3 Bb7 7. d4 Nxd4 8.
Bxf7+ Kxf7 9. Nxe5+ Kg8 10. Qxd4 c5 11. Qd1 Qe8 12. Nf3 Nxe4 13. Bf4 h6 14. Re1
d5 15. Nbd2 g5 16. Bd6 Bxd6 17. Nxe4 Bxh2+ 18. Nxh2 dxe4 19. Qd6 Qf8 20. Qg6+
Qg7 21. Qf5 Qf8 22. Qg6+ Qg7 23. Qf5 Qf8 24. Qg6+ 1/2-1/2

[Event "NAYCC U18"]
[Site "Windsor CAN"]
[Date "2016.08.08"]
[Round "2.6"]
[White "Guo, Arthur"]
[Black "Peng, David"]
[Result "1/2-1/2"]
[WhiteElo "2155"]
[BlackElo "2283"]
[PlyCount "124"]
[EventDate "2016.08.07"]
[EventType "swiss"]
[EventRounds "9"]
[EventCountry "CAN"]

1. e4 c5 2. Nf3 d6 3. d4 cxd4 4. Nxd4 Nf6 5. Nc3 Nc6 6. Bc4 Bd7 7. Bb3 g6 8. f3
Nxd4 9. Qxd4 Bg7 10. Be3 O-O 11. Qd2 b5 12. O-O a5 13. a3 Qc7 14. Bd4 Bc6 15.
Qd3 Qb7 16. Rfe1 Rfe8 17. Kh1 Rad8 18. Rad1 b4 19. axb4 axb4 20. Nd5 Nxd5 21.
Bxg7 Nf4 22. Qc4 d5 23. exd5 Bxd5 24. Qxf4 Bxb3 25. Rxd8 Rxd8 26. Bh6 Bd5 27.
Qe5 f6 28. Qxe7 Qxe7 29. Rxe7 Be4 30. Rg7+ Kh8 31. h4 Bxc2 32. Rc7 Ba4 33. Bg7+
Kg8 34. Bxf6 Rd7 35. Rc4 Rb7 36. Be5 Bd7 37. Kh2 Kf7 38. Kg3 b3 39. Bc3 Be6 40.
Rc6 Bd7 41. Ra6 Rb8 42. Kf4 Ke7 43. g4 Rb5 44. Ke3 Rb8 45. Kd4 Kf7 46. Kc5 Ke7
47. Bf6+ Kf7 48. g5 Re8 49. Ra7 Ke6 50. Rb7 Rc8+ 51. Kd4 Rc2 52. Rxb3 Rh2 53.
Re3+ Kf5 54. Re7 Rxb2 55. Kd5 Rb7 56. Kd6 Bc8 57. Re8 Be6 58. Ba1 Rd7+ 59. Kc5
Rd5+ 60. Kc6 Rd7 61. Bf6 Rd3 62. Rf8 Bd5+ 1/2-1/2